| 000 | 00693nam a2200229 a 4500 | ||
|---|---|---|---|
| 003 | AR-RoUNCS | ||
| 005 | 20251216130801.0 | ||
| 008 | 180901s2017 ag gr a000 jbspa | ||
| 020 | _a978-987-630-271-5 | ||
| 040 |
_aAR-BaBN _bspa _cAR-RoUNCs _eaacr |
||
| 044 |
_aag _car-c |
||
| 080 | 1 |
_a82-34(82) _22016 |
|
| 100 | 1 |
_aGarcía Lao, Fernanda, _d1966- _eautora |
|
| 245 | 1 | 0 |
_aBombero : _b(monólogo encendido) / _cFernanda García Lao. |
| 260 |
_aBuenos Aires : _bUniversidad Nacional de General Sarmiento, _c2017. |
||
| 300 |
_a19 p. ; _c15 cm. |
||
| 490 | 0 | _aContra Tiempos | |
| 650 | 7 |
_2embne _aLiteratura argentina |
|
| 650 | 7 | _aCuento fantástico | |
| 655 | 4 | _aCuento | |
| 942 |
_2udc _cLPD _n0 |
||
| 999 |
_c852 _d852 |
||